00892nam a22002537a 45000010005000000030006000050050017000110080041000280200015000690400029000840500015001130820012001281000027001402450073001672500046002402600038002863000060003245050008003845200148003925210029005405210020005696500021005897000028006104507FISKH20240912133231.0240912b cb ||||| |||| 00| 0 eng d a0439449707 aFISKHbengcFISKHdFISKH aPZ7.M85353 a823.914 aMoss, Miriam eauthor  aSmudge's Grmpy Day /cby Miriam Moss : illustrated by Lynne Chapman  aFirst Scholastic printing , December 2002 aNew York : bScholastic ; c2001. a21 unnumbered pages : bcolor illustrations ;c24 cm .  aJ  aSmudge the mouse gets up on the wrong side of the bed but she soon figures out how to deal with a grumpy day and just who can make that happen.8 a500 bLexile estimate 8 aJ bRaz-Plus  abad dayvfiction aChapman, Lynneeauthor